| 000 | 00810cam a22002533a 4500 | ||
|---|---|---|---|
| 001 | 21600 | ||
| 003 | PGUSA | ||
| 005 | 20140828083447.0 | ||
| 008 | 070524s2007||||xxu|||||s|||||000 | eng d | ||
| 040 |
_aPGUSA _beng |
||
| 042 | _adc | ||
| 050 | 4 | _aPN | |
| 100 | 1 |
_aSaintsbury, George, _d1845-1933 |
|
| 245 | 1 | 4 |
_aThe Flourishing of Romance and the Rise of Allegory : _b(Periods of European Literature, vol. II) _h[electronic resource] / _cGeorge Saintsbury |
| 260 |
_bProject Gutenberg, _c2007 |
||
| 506 | _aPublic domain in the USA. | ||
| 516 | _aElectronic text | ||
| 653 | _aAllegory | ||
| 653 | _aRomances -- History and criticism | ||
| 653 | _aLiterature, Medieval -- History and criticism | ||
| 830 | 0 |
_aProject Gutenberg _v21600 |
|
| 856 | 4 | 0 | _uhttp://www.gutenberg.org/ebooks/21600 |
| 942 | _cEB | ||
| 999 |
_c250855 _d250855 |
||